|
|
|
|
| LEADER |
00632nab a2200169 i 4500 |
| 001 |
misc39462 |
| 005 |
20191106140738.0 |
| 008 |
180709s2004 hu o 0|| zxx d |
| 022 |
|
|
|a 1215-5233
|
| 040 |
|
|
|a SZTE Miscellanea Repozitórium
|b hun
|
| 041 |
|
|
|a zxx
|
| 100 |
1 |
|
|a Burián Miklós
|
| 245 |
1 |
0 |
|a Énektanítás másképp
|h [elektronikus dokumentum] :
|b zenei élményszerzés az általános iskola első és második osztályában /
|c Burián Miklós
|
| 260 |
|
|
|c 2004
|
| 300 |
|
|
|a 79-83
|
| 490 |
0 |
|
|a Iskolakultúra
|v 14 No. 3
|
| 856 |
4 |
0 |
|u http://misc.bibl.u-szeged.hu/39462/1/EPA00011_iskolakultura_2004_03_079-083.pdf
|z Dokumentum-elérés
|